Central Library OPAC University of Rajshahi

Calculus for management and the life and social sciences / (Record no. 70500)

MARC details
000 -LEADER
fixed length control field 00875nam a2200265 a 4500
001 - CONTROL NUMBER
control field 70500
003 - CONTROL NUMBER IDENTIFIER
rucl marc code BD-RjUL
005 - DATE AND TIME OF LATEST TRANSACTION
control field 20211209082016.0
008 - FIXED-LENGTH DATA ELEMENTS--GENERAL INFORMATION
fixed length control field 170417s1988 ilua 001 0 eng d
020 ## - INTERNATIONAL STANDARD BOOK NUMBER
International Standard Book Number 0256057141
035 ## - SYSTEM CONTROL NUMBER
System control number (BD-RjUL)70714
040 ## - CATALOGING SOURCE
Original cataloging agency DLC
Transcribing agency DLC
Modifying agency DLC
-- BD-RjUL
Language of cataloging eng
041 ## - LANGUAGE CODE
Language code of text/sound track or separate title eng
082 00 - DEWEY DECIMAL CLASSIFICATION NUMBER
Edition number 23
Classification number 515
Author mark and year STC 1988
100 1# - MAIN ENTRY--PERSONAL NAME
Personal name Stancl, Donald L.
9 (RLIN) 151116
245 10 - TITLE STATEMENT
Title Calculus for management and the life and social sciences /
Statement of responsibility, etc. Donald L. Stancl and Mildred L. Stancl.
260 ## - PUBLICATION, DISTRIBUTION, ETC. (IMPRINT)
Place of publication, distribution, etc. Homewood, Ill. :
Name of publisher, distributor, etc. Irwin,
Date of publication, distribution, etc. 1988.
300 ## - PHYSICAL DESCRIPTION
Pagination xv, 684 p. :
Illustrations ill. ;
Size 25 cm.
500 ## - GENERAL NOTE
General note Includes indexes.
650 #0 - SUBJECT ADDED ENTRY--TOPICAL TERM
Topical term or geographic name as entry element Calculus.
9 (RLIN) 208695
700 1# - ADDED ENTRY--PERSONAL NAME
Personal name Stancl, Mildred L.
830 ## - SERIES ADDED ENTRY--UNIFORM TITLE
Uniform title The Irwin series in quantitative analysis for business
942 ## - ADDED ENTRY ELEMENTS (KOHA)
Source of classification or shelving scheme Dewey Decimal Classification
Koha item type Books
Holdings
Lost status Source of classification or shelving scheme Damaged status Not for loan Collection code Permanent Location Current Location Shelving location Date acquired Total Checkouts Full call number Date last seen Copy number Koha item type
  Dewey Decimal Classification   Not For Loan Non-fiction Central Library, University of Rajshahi Central Library, University of Rajshahi Reading Room 26/05/1991   515 STC 1988 17/04/2017 C-1 Books